Normal view
MARC view
Entry Topical Term
001 - CONTROL NUMBER
- control field: 805023
003 - CONTROL NUMBER IDENTIFIER
- control field: OSt
005 - DATE AND TIME OF LATEST TRANSACTION
- control field: 20250516163548.0
008 - FIXED-LENGTH DATA ELEMENTS
- fixed length control field: 250516|| aca||aabn | a|a d
040 ## - CATALOGING SOURCE
- Original cataloging agency: OSt
- Transcribing agency: OSt
150 ## - HEADING--TOPICAL TERM
- Topical term or geographic name entry element: ਪੰਜਾਬੀ ਸਾਹਿਤ
670 ## - SOURCE DATA FOUND
- Source citation: Work cat.: (OSt)1424742: ਕੌਸ਼ਲ, ਪਵਨ ਕੁਮਾਰ 805022, ਰਾਜਨੀਤੀ, ਧਰਮ ਅਤੇ ਮਾਨਸਿਕ ਗੁਲਾਮੀ
